LDR 00628naa#a2200181#i#450# 001 EN\RIOR\bibl\126172 005 20260629085000.1 011 ## _a2409-6024 100 ## _a20260530b2026####ek#y0engy0150####ca 102 ## _aRU 200 1# _aEconomic Security of an Enterprise and the Role of Employees’ Digital Literacy in Its Organizational Support _eJournal article 210 1# _aMoscow _cPublishing Center RIOR _d2026 215 ## _a12 с. 608 ## _aJournal article _2local 675 ## _aУправление экономикой. 338.24 _z 700 #1 _aKhmelev _gSergey Aleksandrovich 700 #1 _aVasilchuk _gAndrei Stepanovich 856 4# _arusjm.ru _u